000 00480nam a22001697a 4500
005 20170706143902.0
020 _c140.00
035 _aA-722191
037 _bGandhi Vinoba Nehru
082 _a320.5
100 _aShiv Lal
245 _aIndian political thaught /
_cShiv Lal
260 _aNew Delhi
_bGandhi Vinoba Nehru
_c1989
300 _a109 पृ.
_c22 सेमी
942 _2ddc
_cEN
_h320.5
_mSHI
999 _c142333
_d142333